[Event "3rd GRENKE Chess Open 2018"]
[Site "Karlsruhe"]
[Date "2018.03.29"]
[Round "1"]
[White "Jansen, Bob"]
[Black "Kanarek, Marcel"]
[Result "1/2-1/2"]
[WhiteElo "2124"]
[BlackElo "2506"]
[Annotator "TA"]
[PlyCount "50"]
[EventDate "2018.??.??"]
[EventType "swiss"]
[EventCountry "GER"]
[SourceTitle "playchess.com"]
[Source "ChessBase"]
[SourceQuality "1"]

{[%evp 15,50,26,44,45,50,32,72,38,43,40,32,9,12,18,33,32,33,37,49,15,52,34,43,6,11,11,11,7,7,5,9,9,5,12,12,12,8]} 1. d4 Nf6 2. Bg5 d5 3. Bxf6 gxf6 4. c4 c5 5. cxd5 Qxd5 6. Nf3 {D00: 1 d4 d5: Unusual lines} cxd4 7. Nc3 Qa5 8. Nxd4 Bd7 {LiveBook: 4 Games} 9. g3 Nc6 10. Nb3 Qd8 $146 ({Find the theoretical novelty and annotate with similar games:} 10... Qe5 11. Bg2 Rd8 12. Qc1 {0-1 (29) Cebalo,M (2469)-Cvitan,O (2523) Stari Mikanovci 2009}) 11. Nc5 e6 12. Nxd7 Qxd7 13. Qxd7+ Kxd7 14. Bg2 Bb4 15. Rc1 Rac8 16. O-O Ke7 17. Rfd1 Na5 18. Nb5 $1 {Hoping for a3.} a6 19. a3 axb5 {The position is equal.} 20. axb4 Nb3 21. Rc3 Rxc3 22. bxc3 Rc8 23. Bxb7 Rxc3 24. Ba6 Rc4 25. Bxb5 Rxb4 {Precision: White = 87%, Black = 47%.} 1/2-1/2

[Event "3rd GRENKE Chess Open 2018"]
[Site "Karlsruhe"]
[Date "2018.03.29"]
[Round "1"]
[White "Vanstreels, Luc"]
[Black "Lobron, Eric"]
[Result "0-1"]
[WhiteElo "2124"]
[BlackElo "2503"]
[Annotator "TA"]
[PlyCount "46"]
[EventDate "2018.??.??"]
[EventType "swiss"]
[EventCountry "GER"]
[SourceTitle "playchess.com"]
[Source "ChessBase"]
[SourceQuality "1"]

{[%evp 13,46,7,15,-73,-80,-75,-17,-22,-30,-16,-18,-45,-25,-147,-115,-364,-352,-416,-435,-438,-430,-658,-658,-652,-655,-666,-665,-666,-655,-662,-651,-646,-633,-627,-624]} 1. d4 Nf6 2. Bf4 g6 3. Nc3 d5 4. e3 Bg7 5. h4 O-O (5... h5 6. Nf3 Bg4 7. Be2 Bxf3 8. Bxf3 c6 9. Qd2 Nbd7 10. O-O-O b5 11. Kb1 {½-½ (34) Aronian,L (2797)-Vachier Lagrave,M (2793) Caleta 2018}) 6. h5 {A45: Trompowsky Attack} c5 7. hxg6 hxg6 {LiveBook: 3 Games} 8. Nb5 $146 (8. Nf3 $11) ({Find the theoretical novelty and annotate with similar games:} 8. Qd2 Nc6 9. Nge2 Re8 10. O-O-O b5 11. Nxb5 {1-0 (21) Short,N (2681)-Cawdery,D (2446) Caleta 2018}) 8... Nc6 $17 9. Nc7 e5 (9... Bg4 $17 10. f3 Rc8 11. fxg4 Rxc7) 10. dxe5 $11 Qxc7 11. exf6 Qa5+ 12. c3 Bxf6 {...d4 is the strong threat.} 13. Bd3 {[#]} (13. Qd2 $1 $11) 13... d4 $1 $36 {[%cal Rd4c3][%mdl 2048] Keeping White busy.} ({Don't play} 13... c4 $6 14. Be2 $11) 14. Bxg6 $2 (14. Rc1 $17 {is a better defense.}) 14... fxg6 $19 15. Qb3+ Rf7 16. Rh7 {[%csl Gh7][%cal Rb3f7] Black is clearly winning.} Nd8 (16... Kxh7 17. Qxf7+ Bg7 18. Nf3 $18) 17. Rh6 (17. Rxf7 $142 Be6 18. Qa3 Qxa3 19. bxa3 Nxf7 20. cxd4) 17... Bf5 {[%cal Rd4c3]} 18. Ne2 dxc3 19. Nxc3 {[#]} c4 $1 20. Qxc4 Rc8 21. Rxg6+ Kh7 (21... Bxg6 22. Qxc8 Bf5 23. Qc4 $19) 22. Rh6+ {[#]} Kg7 $1 23. Qb3 Rxc3 {Precision: White = 33%, Black = 81%.} 0-1

[Event "3rd GRENKE Chess Open 2018"]
[Site "Karlsruhe"]
[Date "2018.03.29"]
[Round "1"]
[White "Dobrikov, Marco"]
[Black "Korpa, Bence"]
[Result "0-1"]
[WhiteElo "2123"]
[BlackElo "2502"]
[Annotator "TA"]
[PlyCount "94"]
[EventDate "2018.??.??"]
[EventType "swiss"]
[EventCountry "GER"]
[SourceTitle "playchess.com"]
[Source "ChessBase"]
[SourceQuality "1"]

{[%evp 21,94,50,40,-34,-37,-46,-35,-49,-31,-87,-87,-107,-102,-103,-103,-122,-79,-95,-26,-78,-78,-144,0,0,0,0,77,50,69,29,46,55,88,92,99,108,112,108,107,106,112,101,108,32,50,48,53,16,66,0,36,0,0,-45,-54,-52,-47,-70,0,-352,0,-64,0,-12,-20,-149,-147,-113,-100,-321,-298,-29997,-29998,-29998,-29999]} 1. e4 c5 2. Nf3 e6 3. d4 cxd4 4. Nxd4 Nc6 5. Nc3 Qc7 6. f4 a6 7. Nxc6 Qxc6 8. Bd3 b5 9. Qe2 Bb7 10. Bd2 Bc5 11. O-O-O {B47: Sicilian: Taimanov: 5 Nc3 Qc7 6 f4, 6 g3 and 6 Be2} Ne7 {LiveBook: 91 Games} 12. Rhe1 $146 (12. Qh5 $14) ({Predecessor:} 12. a3 O-O 13. Qh5 f6 14. Rhf1 Rf7 15. g4 b4 16. axb4 Bxb4 17. e5 f5 18. Rg1 Rc8 {0-1 (53) Saric,I (2669)-Harikrishna,P (2744) Riadh 2017}) 12... b4 $15 13. Nb1 {Black is slightly better.} O-O 14. Be3 $1 a5 15. f5 (15. Nd2 $15) 15... Rfc8 $17 16. Nd2 Bxe3 17. Qxe3 a4 $1 18. Kb1 Ba6 19. Nf3 Qc7 (19... a3 $17 20. fxe6 dxe6) 20. Qd2 {[#]} (20. Rd2 $11) 20... b3 $1 {[%mdl 512]} 21. cxb3 (21. c3 $142 bxa2+ 22. Kxa2 Bxd3 23. Qxd3) (21. axb3 axb3) 21... Bxd3+ (21... axb3 $17 22. Bxa6 Qc2+ 23. Ka1 Rxa6 24. Qxc2 Rxa2+ 25. Kb1 Rxc2 26. Rxd7 Nc6) 22. Qxd3 $11 axb3 23. Qxb3 Rcb8 (23... Qa5 $11 24. Qa3 (24. Rxd7 Rcb8 $15) 24... Qxa3 25. bxa3 exf5) 24. Qd3 $1 $16 Nc6 {Hoping for ...Nb4.} 25. Qc3 (25. Qxd7 Qa5 $17) 25... Qa7 {[#]} 26. a3 $1 {[%mdl 512]} Qa4 (26... Qxa3 27. Qxa3) 27. Rd3 $1 (27. Rxd7 $6 Rb3 $11) 27... Rc8 {With the idea ...Nb4.} 28. Qb3 {Qxa4 is the strong threat.} (28. Rxd7 Nb4 $11) 28... Qa7 29. Rc3 Rcb8 30. Qc2 h6 31. fxe6 fxe6 32. e5 (32. Rd1 $16) 32... Rb5 33. Rb3 Rc5 34. Qe4 Rc8 35. Rd3 (35. Rd1 $14) 35... Qc7 36. Qe3 Ne7 37. Red1 Nd5 {[%mdl 1024] Black has compensation.} 38. Qe1 Rc2 39. R3d2 Rc4 ({Black should try} 39... Qc4 $15 40. Nd4 Rc3 $3 {[%mdl 512]}) 40. Rd4 $2 {[%mdl 8192] [#]} (40. Nd4 $1 $11) 40... Rc2 $2 ({Better is} 40... Nc3+ $1 $19 {[%mdl 512]} 41. bxc3 Rxc3) 41. R4d2 $15 Rc5 (41... Qc4 $15 42. Nd4 Rc3) 42. Rd3 $11 Qb6 $40 {[%mdl 128] Threatens to win with ...Nc3+. Black has some attack.} 43. Ka1 (43. Ka2 $11 {remains equal.}) 43... Rc2 $17 {[%csl Gc2][%cal Rb6b2]} 44. Rb1 Qa6 45. Rd2 $2 {[#]} (45. Qf1 $17) 45... Nb4 $1 $19 {( -> ...Qc4)} 46. Nd4 $2 {[#]} (46. Rxd7 $2 {[#] is a self mate.} Qxa3+ $1 {[%mdl 512]} 47. bxa3 Ra2#) (46. Qe4 $19 R2c4 47. Qe2) 46... Qc4 $1 {[%csl Gb4][%cal Rc4a2][%mdl 512]} 47. b3 {[#]} Qxd4+ $1 {[%mdl 512] Precision: White = 34%, Black = 44%.} 0-1

[Event "3rd GRENKE Chess Open 2018"]
[Site "Karlsruhe"]
[Date "2018.03.29"]
[Round "1"]
[White "Bauer, Thomas"]
[Black "Bellahcene, Bilel"]
[Result "0-1"]
[WhiteElo "2122"]
[BlackElo "2488"]
[Annotator "TA"]
[PlyCount "122"]
[EventDate "2018.??.??"]
[EventType "swiss"]
[EventCountry "GER"]
[SourceTitle "playchess.com"]
[Source "ChessBase"]
[SourceQuality "1"]

{[%evp 14,122,32,14,51,54,48,44,44,47,61,51,62,35,46,16,44,-4,32,4,47,45,67,61,77,105,100,77,96,37,67,10,22,25,15,17,68,-54,-44,-59,-57,-52,-36,-47,-50,-77,-77,-192,-15,-103,-113,-135,-136,-149,-91,-138,-108,-234,159,-170,-182,-189,-150,-209,-199,-967,-775,-777,-767,-753,-771,-709,-734,-954,-1298,-1180,-1167,-1127,-974,-880,-866,-2035,-1929,-2703,-2645,-29974,-29976,-29974,-29975,-29973,-29973,-29969,-12437,-6604,-6399,-29976,-29971,-29984,-29984,-29986,-29987,-29987,-29988,-29985,-5218,-29990,-29991,-29991,-29991,-29993,-29994]} 1. e4 c5 2. Nf3 Nc6 3. Bb5 Nf6 4. Bxc6 dxc6 5. d3 Bg4 6. Nbd2 {B30: Sicilian: 2...Nc6 3 Bb5, lines without ...g6} Nd7 7. h3 Bh5 8. Nf1 {LiveBook: 10 Games. White is slightly better.} Ne5 $146 ({Predecessor:} 8... e6 9. Ng3 Bg6 10. O-O Bd6 11. b3 Qc7 12. Ne2 Bh5 {½-½ (56) Malakhov,V (2686)-Zhigalko,S (2641) Riadh 2017}) 9. g4 Nxf3+ 10. Qxf3 Bg6 11. Bd2 f6 12. h4 Bf7 13. Ng3 Qd7 14. Ba5 b6 15. Bd2 a5 16. a4 h6 17. Bc3 Be6 18. Nf5 h5 {Threatening ...g6.} 19. g5 $1 (19. gxh5 O-O-O $11) 19... Rh7 20. Rg1 O-O-O 21. O-O-O (21. Ne3 $16) 21... g6 $14 22. Ne3 (22. d4 $14) 22... fxg5 $11 23. Nc4 Kb7 24. Ne5 Qd6 (24... Qc7 $11) 25. d4 ({White should play} 25. hxg5 $14 Bg7 26. Qg3) 25... g4 $36 {[%mdl 2048] Black has some pressure.} (25... gxh4 26. dxc5 Qc7 27. Rxd8 $18 (27. Rxg6 Bg4 $16)) 26. Qe2 {Strongly threatening dxc5.} cxd4 27. Rxd4 Qc7 {Threatens to win with ...Rxd4.} 28. Rxd8 Qxd8 29. Rd1 Qe8 30. Nd3 (30. f4 $17 {was necessary.}) 30... Bc8 $2 (30... c5 $1 $19 31. Ne5 Bh6+ 32. Kb1 Qxa4) 31. Kb1 {[#]} (31. b4 $11) 31... e5 $1 $17 {[%mdl 512]} 32. Qe3 ({Not} 32. Bxe5 $2 Re7 $19) 32... Bd6 33. b3 Rd7 (33... Rf7 $142 34. Qh6 Qe6) 34. Qg5 {[%cal Rd3e5]} Bc7 35. Qf6 (35. Rf1 $17) 35... Rd6 $2 {[#]} ({Better is} 35... Bd8 $19 36. Qxe5 Qxe5 37. Bxe5 Bxh4) 36. Qg7 $2 (36. Nc5+ $1 $16 {[%mdl 512]} bxc5 37. Rxd6 Bxd6 38. Qxd6) 36... Re6 $19 {[%cal Bd6e6,Be6f6,Bf6f2][%mdl 32]} 37. Ka2 Qe7 38. Qg8 (38. Qxe7 $17 Rxe7 39. Kb2) 38... Rf6 ({Don't play} 38... Qxh4 39. Bxa5 Qe7 40. Bb4 $17) 39. Nxe5 $2 (39. Kb1) 39... Bxe5 40. Bxe5 Qxe5 41. Qg7+ {[#]} Kb8 $1 42. Rd8 Qe6 43. Kb1 Rxf2 44. Qd4 Rf1+ 45. Ka2 Kb7 46. Rd6 c5 47. Qd3 Qe5 {[%csl Ge5][%cal Rf1a1]} 48. Rxb6+ Kxb6 {[%csl Ge5][%cal Rf1a1]} 49. Qb5+ Ka7 {[%csl Ge5][%cal Rf1a1]} 50. Qxf1 Qxe4 51. Qf2 Kb6 52. Qf6+ Qc6 53. Qd8+ Qc7 54. Qd3 g3 55. Qxg6+ Ka7 56. Qxh5 Bb7 57. Qg5 g2 58. h5 c4 (58... Qh2 $142 59. Qxc5+ Kb8 60. Qxa5 g1=Q 61. Qc3 Qxh5 62. Qb2 Qhc5 63. Qh8+ Ka7 64. Qb2 Be4 65. c3 Qd1 66. c4 Qdg1 67. Qc2 Bxc2 68. Kb2 Qce3 69. Kxc2 Qgc1#) 59. b4 Qb6 {Black mates.} 60. bxa5 Qf2 61. Qg6 g1=Q {Precision: White = 23%, Black = 34%.} 0-1

[Event "3rd GRENKE Chess Open 2018"]
[Site "Karlsruhe"]
[Date "2018.03.30"]
[Round "2"]
[White "Bacrot, Etienne"]
[Black "Groetzbach, Julian"]
[Result "1-0"]
[WhiteElo "2718"]
[BlackElo "2284"]
[Annotator "TA"]
[PlyCount "67"]
[EventDate "2018.??.??"]
[EventType "swiss"]
[EventCountry "GER"]
[SourceTitle "playchess.com"]
[Source "ChessBase"]
[SourceQuality "1"]

{[%evp 20,67,42,33,85,86,75,56,93,100,120,126,113,104,208,199,348,305,339,328,364,359,343,354,336,340,384,349,350,350,337,298,331,346,320,338,333,337,393,384,454,458,477,475,529,520,493,460,700,697]} 1. e4 c5 2. Nf3 d6 3. d4 cxd4 4. Nxd4 Nf6 5. Nc3 a6 6. Be2 e5 7. Nf3 {[%cal Bd4f3,Bf3d2,Bd2c4][%mdl 32]} h6 8. Nd2 {B92: Sicilian Najdorf: 6 Be2} b5 (8... Be6 9. Nc4 Nc6 10. Ne3 Ne7 11. O-O Rc8 12. Bf3 g6 13. Qd3 Bg7 14. Rd1 Rc6 15. b3 Qc8 {1-0 (48) Vachier Lagrave,M (2789)-Korobov,A (2652) Riadh 2017}) 9. a4 b4 10. Nd5 Nxd5 11. exd5 {LiveBook: 6 Games} Be7 {[#]} (11... a5 $14) 12. a5 $1 $16 Nd7 13. Nc4 {[#]} Nc5 $146 ({Predecessor:} 13... O-O 14. O-O Rb8 15. f4 Rb5 16. fxe5 dxe5 {½-½ (57) Steinberg,N (2518)-Indjic,A (2623) Batumi 2018}) 14. Be3 Qc7 15. Nb6 Rb8 16. Qd2 b3 {[#]} (16... Bg5 $16) 17. Qc3 $1 $18 Rxb6 (17... Bg5 {keeps fighting.}) 18. axb6 Qxb6 19. cxb3 {aiming for b4.} Qxb3 20. Bxc5 Qxc3+ 21. bxc3 dxc5 22. Bxa6 Kd7 23. Bxc8+ Rxc8 {[%mdl 4096] Endgame KRR-KRB} 24. Ke2 c4 25. Ra7+ Kd6 26. Rd1 Rb8 27. Ra6+ Kd7 28. Rc6 Rb5 29. Rxc4 Bc5 30. Ra4 {White is clearly winning.} Rb3 31. Kd3 Bxf2 32. Kc2 Rb6 33. Rf1 Rf6 (33... Bc5 $142 34. Rxf7+ Kd6) 34. Kd3 {Precision: White = 87%, Black = 20%.} 1-0

[Event "3rd GRENKE Chess Open 2018"]
[Site "Karlsruhe"]
[Date "2018.03.30"]
[Round "2"]
[White "Korobov, Anton"]
[Black "Paul, Johannes"]
[Result "1-0"]
[WhiteElo "2664"]
[BlackElo "2279"]
[Annotator "TA"]
[PlyCount "73"]
[EventDate "2018.??.??"]
[EventType "swiss"]
[EventCountry "GER"]
[SourceTitle "playchess.com"]
[Source "ChessBase"]
[SourceQuality "1"]

{[%evp 11,73,15,39,11,55,58,68,61,84,78,86,55,66,9,58,4,85,0,85,91,91,74,83,49,74,67,68,63,64,42,54,0,0,-18,0,0,0,0,0,-11,0,0,29,32,30,35,43,29,33,32,42,-23,174,208,190,166,149,145,456,460,445,452,1298,1343]} 1. d4 Nf6 2. c4 e6 3. Nf3 b6 4. g3 Bb7 5. Bg2 Bb4+ 6. Bd2 c5 7. d5 {E16: Queen's Indian: 4 g3 Bb7 5 Bg2 Bb4+} (7. O-O O-O 8. Bxb4 cxb4 9. Qd3 d6 10. Nbd2 Qe7 11. e4 e5 12. Ne1 Nc6 13. Nc2 a5 14. Rfe1 Rfe8 15. Rad1 Nd7 16. Nf1 Red8 17. Nfe3 g6 18. b3 Nxd4 19. Nxd4 exd4 20. Qxd4 {½-½ (45) Ding,L (2777)-Ponkratov,P (2613) Riadh 2017}) 7... Bxd2+ 8. Nfxd2 d6 $146 {[%cal Re6d5]} ({Predecessor:} 8... exd5 9. Nc3 O-O 10. O-O a6 11. a4 Nc6 12. cxd5 Na5 13. Rb1 Rc8 14. e4 d6 {1-0 (48) Lobron,E (2506)-L'Ami,E (2438) Wijk aan Zee 2003}) 9. Nc3 {White is slightly better.} e5 10. O-O O-O 11. h3 Nbd7 12. f4 (12. e4 $14) 12... a6 13. a4 (13. e3 $14) 13... Qe7 (13... exf4 $11 14. gxf4 Nh5) 14. Kh2 (14. f5 $16) 14... Ne8 {[#]} (14... exf4 $11 15. gxf4 Nh5) 15. f5 $1 $16 Ndf6 16. Qb3 Qd8 17. g4 h6 18. Rg1 Bc8 19. Be4 Rb8 20. Raf1 Bd7 21. g5 (21. Bd3 $14) 21... hxg5 $11 22. Rxg5 Kh7 23. Rfg1 {Black must now prevent Nb5!} Rh8 24. Bd3 Kg8 25. Qd1 Kf8 26. Qf1 Nh7 27. Rh5 Nef6 28. Rh4 Rg8 29. Qf2 Qe7 30. b3 {[%cal Bb2b3,Bb3b4][%mdl 32]} Ke8 31. a5 (31. Rb1 $14) 31... b5 $2 {[#]} (31... bxa5 $11 32. Bc2 a4) 32. cxb5 axb5 33. b4 c4 34. Bc2 $36 {[%mdl 2048] Keeping Black busy.} Kd8 $2 {[%mdl 8192]} (34... Kf8 $16 35. a6 Ra8) 35. Qa7 $18 {White is clearly winning.} Rc8 36. Qb6+ Rc7 (36... Ke8 $142 37. Nxb5 Bxb5) 37. a6 {Precision: White = 48%, Black = 33%.} 1-0

[Event "3rd GRENKE Chess Open 2018"]
[Site "Karlsruhe"]
[Date "2018.03.30"]
[Round "2"]
[White "Fridman, Daniel"]
[Black "Fischer, Sebastian"]
[Result "1-0"]
[WhiteElo "2637"]
[BlackElo "2277"]
[Annotator "TA"]
[PlyCount "47"]
[EventDate "2018.??.??"]
[EventType "swiss"]
[EventCountry "GER"]
[SourceTitle "playchess.com"]
[Source "ChessBase"]
[SourceQuality "1"]

{[%evp 10,47,38,32,44,26,59,-9,1,4,9,22,193,187,191,184,197,200,160,179,279,286,297,304,345,368,404,402,484,444,531,556,568,566,606,600,604,605,730,716]} 1. Nf3 {[%cal Bg1f3,Bf3h4,Bh4f5][%mdl 32]} f5 2. d3 d6 3. e4 e5 4. Nc3 c5 (4... Be7 5. d4 fxe4 6. Nxe4 d5 7. Neg5 exd4 8. Bd3 Qd6 9. Nxd4 c5 10. Nb5 Qe5+ 11. Be3 Na6 12. O-O {1-0 (36) Svidler,P (2751)-Bu,X (2710) Tbilisi 2017}) 5. g3 Nc6 6. Nh4 {LiveBook: 7 Games. A04: Unusual lines after 1 Nf3 and King's Indian Attack} f4 7. Bg2 $146 ({Of course not} 7. Qh5+ g6 $15) ({Predecessor:} 7. Ng2 Nf6 8. gxf4 Be7 9. Be2 Bh3 10. Rg1 Nd4 11. Ne3 exf4 12. Ned5 Nxd5 13. Nxd5 {0-1 (26) Flores,D (2514)-Ravi,L (2390) Andorra 2006}) 7... Be6 8. O-O (8. Nd5 $14) 8... g5 $11 9. Nf5 h5 10. h4 {[%cal Bh2h4,Bh4g5][%mdl 32]} Qd7 $2 {[#]} (10... gxh4 $11 11. gxf4 Nf6) 11. hxg5 $18 Nge7 12. Nxe7 Bxe7 13. gxf4 exf4 14. Bxf4 O-O-O (14... Qd8 {keeps fighting.} 15. g6 Kd7) 15. Be3 Ne5 16. f4 Bg4 17. Qd2 Ng6 18. Nd5 Rdg8 19. d4 {White is clearly winning.} h4 20. Kh2 h3 21. Bh1 Nh4 22. dxc5 dxc5 23. Qc3 b6 24. b4 {Precision: White = 87%, Black = 10%.} 1-0

[Event "3rd GRENKE Chess Open 2018"]
[Site "Karlsruhe"]
[Date "2018.03.30"]
[Round "2"]
[White "Banusz, Tamas"]
[Black "Ehmann, Thilo"]
[Result "1-0"]
[WhiteElo "2618"]
[BlackElo "2274"]
[Annotator "TA"]
[PlyCount "127"]
[EventDate "2018.??.??"]
[EventType "swiss"]
[EventCountry "GER"]
[SourceTitle "playchess.com"]
[Source "ChessBase"]
[SourceQuality "1"]

{[%evp 18,127,0,3,41,68,85,8,12,0,0,-31,-8,-41,-50,-43,-58,-89,-67,-61,-62,-70,-44,-89,-58,-126,-125,-130,-132,-125,-124,-154,-80,-190,-182,-153,-159,-146,79,68,81,86,94,80,151,144,181,116,118,109,109,109,117,123,139,139,179,16,179,178,175,177,172,179,193,126,197,197,199,151,153,119,119,111,102,106,139,119,179,179,179,179,179,179,205,179,179,179,238,238,233,115,120,119,119,116,135,119,220,201,593,593,593,568,594,545,594,579,29974,29939,29975,29976]} 1. Nf3 c5 2. g3 Nc6 3. Bg2 d5 4. d4 g6 5. O-O Bg7 6. dxc5 Nf6 7. c3 O-O 8. Nbd2 a5 9. a4 e5 {D02: 1 d4 d5 2 Nf3 sidelines, including 2...Nf6 3 g3 and 2...Nf6 3 Bf4} 10. Nb3 {LiveBook: 3 Games} Qe7 (10... h6 11. Nfd2 Be6 12. Qc2 Qe7 13. e4 d4 14. cxd4 exd4 15. e5 Nd5 16. Ne4 Ndb4 17. Qd1 Nxe5 18. Nxd4 {1-0 (49) Petrosian,T (2625)-Harutjunyan,G (2436) Yerevan 2016}) 11. Bg5 Rd8 {White is slightly better.} 12. Qc1 $146 (12. e4 $1 $16) ({Predecessor:} 12. h3 h6 13. Be3 Be6 14. Nfd2 g5 15. Nb1 Nd7 16. Na3 d4 17. cxd4 exd4 18. Nxd4 Nxd4 19. Bxd4 Nxc5 20. Bxc5 Qxc5 {0-1 (37) Solozhenkina,E (2202)-Smirnov,T (2324) Moscow 2018}) 12... Be6 $11 13. h3 Qf8 14. e4 d4 15. Nfd2 h6 16. Bxf6 $1 Bxf6 {[%cal Bg7f6,Bf6e7,Be7c5,Bc5e3][%mdl 32]} 17. f4 exf4 18. gxf4 dxc3 19. bxc3 Rd3 $36 {[%mdl 2048] Black fights for an advantage.} 20. e5 Be7 21. Qc2 ({White should play} 21. Kh2 $15) 21... Bxc5+ $17 22. Kh2 Rad8 $1 23. Ne4 Be3 24. Rae1 Bc4 (24... Qa3 $142 $1 25. Nc1 Rd2 $1 {[%mdl 512]} 26. Nxd2 Rxd2) 25. Nc1 (25. Rf3 $17 Bxb3 26. Qb2) 25... Rd2 $1 $19 {[%cal Rd2c2]} 26. Nxd2 Rxd2 27. Qe4 Qc5 $2 ({Much less strong is} 27... Bxf1 28. Rxf1 Bb6 29. Nb3 $15) (27... Bd5 $1 $17 {[%cal Rd5e4]} 28. Qxd5 Rxd5 29. Bxd5 Qc5 30. Bxc6 bxc6) 28. Nb3 $1 $16 {[%cal Rb3c5]} Bxb3 29. Qxe3 Qxe3 30. Rxe3 Rb2 (30... Bxa4 $142 31. Kg3 Bb3) 31. Kg1 Bxa4 32. Ra1 ({White should try} 32. e6 $1 $18 {[%cal Re6e7]} fxe6 33. Rxe6) 32... Bb3 33. Bxc6 bxc6 34. Rxa5 {[%mdl 4096] Endgame Strongly threatening Ra8+. KRR-KRB} Bd5 35. Ra8+ Kg7 {[#]} 36. f5 $1 gxf5 37. Rg3+ Kh7 38. Rag8 $1 {[%csl Gg8][%cal Rg3g7]} h5 {[#]} 39. R8g5 $1 {[%csl LRf5,LRh5][%cal Rg5h5]} Kh6 40. Rxf5 Re2 41. Rf6+ Kh7 42. Rg5 h4 43. c4 Be6 44. Rf4 {[%cal Rf4h4]} Kh6 45. Rg8 {[%cal Rf4h4]} Kh5 46. Rh8+ Kg6 47. Rfxh4 Rxe5 (47... Kf5 $16 {keeps fighting.} 48. R8h5+ Kg6 49. Rh6+ Kf5 50. R6h5+ Kg6 51. Rh6+ Kf5 52. R6h5+) 48. Rg8+ $18 Kf6 49. Rf4+ Ke7 50. h4 {[%cal Bh3h4,Bh4h5][%mdl 32]} Rc5 51. Rg3 Ra5 52. Rd3 Ra4 (52... Ra2 {was necessary.} 53. h5 Ra1+ 54. Kg2 Ra5) 53. h5 Bxc4 {[#]} 54. Rg3 (54. Rd1 $1 $18 {is the precise move to win. h6 is the strong threat.} Kf8 55. h6) 54... Ra1+ $16 55. Kf2 Be6 56. Rh4 {Black must now prevent h6.} Ra8 57. h6 Rh8 (57... Bf5 $16 58. Rc3 Rc8) 58. Rh5 f6 $2 (58... Ba2 {is a better chance.} 59. Kf3 Kf6) 59. Rg7+ $18 Kd6 60. Ke3 c5 61. Ra7 c4 62. Kd4 Rc8 63. Rha5 Bd7 64. Rd5+ {Precision: White = 61%, Black = 47%.} 1-0

[Event "3rd GRENKE Chess Open 2018"]
[Site "Karlsruhe"]
[Date "2018.03.30"]
[Round "2"]
[White "Landa, Konstantin"]
[Black "Riehle, Marco"]
[Result "1/2-1/2"]
[WhiteElo "2613"]
[BlackElo "2273"]
[Annotator "TA"]
[PlyCount "109"]
[EventDate "2018.??.??"]
[EventType "swiss"]
[EventCountry "GER"]
[SourceTitle "playchess.com"]
[Source "ChessBase"]
[SourceQuality "1"]

{[%evp 24,109,34,20,29,34,26,0,7,0,0,0,0,-7,-11,-70,-70,-69,-72,-73,0,-70,0,0,0,-19,-15,-15,43,43,43,37,54,31,71,68,63,63,107,91,136,131,115,16,30,0,0,0,0,0,0,0,0,0,0,0,0,0,0,0,0,0,11,12,20,0,0,0,0,0,0,0,0,0,0,0,0,0,0,0,0,0,0,0,0,0,0,0]} 1. d4 d5 2. Bf4 e6 3. e3 Bd6 4. Bg3 Nf6 5. Nd2 c5 6. c3 O-O 7. Ngf3 Nc6 8. Bd3 Re8 9. Ne5 Bxe5 10. dxe5 Nd7 {D02: 1 d4 d5 2 Nf3 sidelines, including 2...Nf6 3 g3 and 2...Nf6 3 Bf4} 11. Nf3 Qc7 12. O-O g6 13. e4 {LiveBook: 4 Games} Ndxe5 (13... dxe4 14. Bxe4 Ncxe5 15. Nxe5 Nxe5 16. f4 f5 17. fxe5 fxe4 18. Qg4 {½-½ (41) Gorovets,A (2496)-Li,C (2732) chess.com INT 2018}) 14. Nxe5 Nxe5 15. Bb5 Rd8 {[#]} 16. Bh4 $146 ({Predecessor:} 16. exd5 Rxd5 17. Qe1 c4 18. Bxc4 {½-½ (41) Chigaev,M (2543)-Lobanov,S (2457) St Petersburg 2016}) 16... Rd6 17. Bf6 Rb6 18. a4 c4 {Black wants to play ...Nd3.} 19. exd5 (19. Qe2 $11) 19... exd5 $15 20. Bxe5 $1 Qxe5 21. Re1 {[#]} Qf6 (21... Qf4 $1 $17 {Strongly threatening ...Be6.} 22. g3 (22. Qxd5 Be6 $17) 22... Qf6 23. Re8+ (23. Qxd5 Be6 $15) 23... Kg7) 22. Re8+ $11 Kg7 23. Qd2 $36 {[%mdl 2048] White fights for an advantage.} Rd6 $1 24. Rd1 a6 25. Bxc4 $1 Re6 (25... Bg4 $1 $11 26. Rxa8 Bxd1 27. Bxa6 (27. Qxd1 dxc4 28. Qe2 Qg5 $17) (27. Bxd5 $2 Bb3 $19) 27... bxa6 28. Qxd1 d4 29. cxd4 Rxd4) 26. Rxe6 $14 fxe6 27. Bb3 Bd7 28. f4 Bc6 29. Re1 Rd8 30. Re5 h6 31. h4 Qxh4 32. Rxe6 {aiming for Qd4+.} Rf8 33. Qd4+ (33. Bxd5 $16 Qxf4 34. Re7+ Kh8 35. Qxf4 Rxf4 36. Bxc6 bxc6 37. b3) 33... Rf6 $1 $11 34. Bxd5 (34. Re7+ {with more complications.} Kf8 35. Qc5 b6 36. Qe3 Rxf4 37. Re6) 34... Bxd5 {The position is equal.} 35. Qxd5 {[#] Intending Re7+ and mate.} Rxe6 $1 36. Qxe6 Qxf4 {[%mdl 4096] Endgame KQ-KQ} 37. Qd7+ Qf7 38. Qd4+ Kh7 39. b4 Qe7 40. b5 axb5 41. axb5 h5 42. c4 h4 43. Kf2 g5 44. Kf3 {Hoping for Qe4+.} Kh6 $1 45. Qe4 Qf6+ 46. Ke2 Qb2+ 47. Kd3 Qb1+ 48. Kd4 Qg1+ 49. Ke5 Qc5+ 50. Ke6 Qc8+ 51. Kd6 g4 52. Qf4+ Kg6 {( -> ...Qb8+)} 53. Qe4+ Kh6 54. Qf4+ Kg6 {White must now prevent ...Qb8+.} 55. Qe4+ {Precision: White = 56%, Black = 67%.} 1/2-1/2